000
00315pab a2200145 454500
008
180718b1984 xxu||||| |||| 00| 0 eng d
100
_a
Chatterjee, Partha
245
_a
The peasantry
260
_c
1984
300
_a
26-9
362
_a
Mar.
650
_a
Peasant Uprisings
773
_a
Seminar
909
_a
14744
999
_c
14744
_d
14744